Del tiempo y el río: una leyenda sobre la ansiedad del hombre en su juventud
Shranjeno v:
| Glavni avtor: | |
|---|---|
| Format: | Knjiga |
| Jezik: | Undetermined |
| Izdano: |
Barcelona, España
Montesinos
1971
|
| Teme: | |
| Oznake: |
Označite
Brez oznak, prvi označite!
|
MARC
| LEADER | 00000nam a2200000Ia 4500 | ||
|---|---|---|---|
| 008 | 170316s9999 xx 000 0 und d | ||
| 090 | |a 810 W-41d | ||
| 100 | |a Wolfe, Thomas | ||
| 245 | |a Del tiempo y el río: una leyenda sobre la ansiedad del hombre en su juventud | ||
| 260 | |a Barcelona, España | ||
| 260 | |b Montesinos | ||
| 260 | |c 1971 | ||
| 300 | |a 713 páginas | ||
| 650 | |a LITERATURA ESTADOUNIDENSE | ||
| 999 | |c 21700 |d 21700 | ||
| 040 | |a cru BVZT | ||
| 942 | |c 15 D |h 810 W-41d |2 z | ||
